When illness goes public : (Record no. 291)

MARC details
000 -LEADER
fixed length control field 01954cam a22003854a 4500
005 - DATE AND TIME OF LATEST TRANSACTION
control field 20260322212014.0
008 - FIXED-LENGTH DATA ELEMENTS--GENERAL INFORMATION
fixed length control field data
010 ## - LIBRARY OF CONGRESS CONTROL NUMBER
LC control number 2006005258
020 ## - INTERNATIONAL STANDARD BOOK NUMBER
International Standard Book Number 9780801884627 (alk. paper)
020 ## - INTERNATIONAL STANDARD BOOK NUMBER
International Standard Book Number 0801884624 (alk. paper)
040 ## - CATALOGING SOURCE
Original cataloging agency DLC
Transcribing agency DLC
Modifying agency YDXCP
-- C#P
-- BTCTA
-- YDXCP
041 09 - LANGUAGE CODE
Language code of text/sound track or separate title eng
042 ## - AUTHENTICATION CODE
Authentication code nlmcopyc
-- nlmcopyc
044 ## - COUNTRY OF PUBLISHING/PRODUCING ENTITY CODE
-- United States
050 00 - LIBRARY OF CONGRESS CALL NUMBER
Classification number R703
Item number .L47 2006
060 10 - NATIONAL LIBRARY OF MEDICINE CALL NUMBER
Classification number WZ 313
Item number L616w 2006
082 00 - DEWEY DECIMAL CLASSIFICATION NUMBER
Classification number 610.92/2
Edition information 22
092 ## - LOCALLY ASSIGNED DEWEY CALL NUMBER (OCLC)
Classification number 610.92 L6 2006
001 - CONTROL NUMBER
control field data
100 1# - MAIN ENTRY--PERSONAL NAME
Personal name Lerner, Barron H.
245 10 - TITLE STATEMENT
Title When illness goes public :
Remainder of title celebrity patients and how we look at medicine /
Statement of responsibility, etc. Barron H. Lerner.
260 ## - PUBLICATION, DISTRIBUTION, ETC.
Place of publication, distribution, etc. Baltimore :
Name of publisher, distributor, etc. Johns Hopkins University Press,
Date of publication, distribution, etc. 2006.
300 ## - PHYSICAL DESCRIPTION
Extent xv, 334 p. :
Other physical details ill., ports. ;
Dimensions 24 cm.
504 ## - BIBLIOGRAPHY, ETC. NOTE
Bibliography, etc. note Includes bibliographical references (p. [283]-323) and index.
505 0# - FORMATTED CONTENTS NOTE
Formatted contents note The first modern patient : the public death of Lou Gehrig -- Crazy or just high-strung? : Jimmy Piersall's mental illness -- Picturing illness : Margaret Bourke-White publicizes Parkinson's disease -- Politician as patient : John Foster Dulles battles cancer -- No stone unturned : the fight to save Brian Piccolo's life -- Persistent patient : Morris Abram as experimental subject -- Unconventional healing : Steve Mcqueen's Mexican journey -- Medicine's blind spots : the delayed diagnosis of Rita Hayworth -- Hero or victim? : Barney Clark and the technological imperative -- "You murdered my daughter" : Libby Zion and the reform of medical education -- Patient activism goes Hollywood : how America fought AIDS -- The last angry man and woman : Lorenzo Odone's parents fight the medical establishment.
650 12 - SUBJECT ADDED ENTRY--TOPICAL TERM
Topical term or geographic name entry element Famous Persons
650 12 - SUBJECT ADDED ENTRY--TOPICAL TERM
Topical term or geographic name entry element Chronic Disease
650 22 - SUBJECT ADDED ENTRY--TOPICAL TERM
Topical term or geographic name entry element Mass Media
650 22 - SUBJECT ADDED ENTRY--TOPICAL TERM
Topical term or geographic name entry element Public Opinion
650 22 - SUBJECT ADDED ENTRY--TOPICAL TERM
Topical term or geographic name entry element Health Knowledge, Attitudes, Practice
655 #2 - INDEX TERM--GENRE/FORM
Genre/form data or focus term Case Reports
992 ## -
-- P3
-- E4
-- 20061214
993 ## -
-- CAD
-- 20061219
994 ## -
-- CDN
-- 20061220
Holdings
Withdrawn status Lost status Damaged status Not for loan Home library Current library Shelving location Date acquired Total checkouts Full call number Barcode Date last seen Price effective from Koha item type
        Riverside Riverside General stacks 22/03/2026   610.92/2 22 BC0010300 22/03/2026 22/03/2026 Books